| 000 | 00499nam a2200169Ia 4500 | ||
|---|---|---|---|
| 008 | 151202s9999||||xx |||||||||||||| ||und|| | ||
| 082 | _bPNVM-91279 | ||
| 100 | _aजोशी ए .वि. | ||
| 245 | _aरानभूल | ||
| 260 | _b"मौज प्रकाशन गृह,मुंबई. " | ||
| 260 | _c2012 | ||
| 600 | _aजोशी ए .वि. | ||
| 630 | _aरानभूल | ||
| 700 | _aजोशी ए .वि. | ||
| 730 | _aरानभूल | ||
| 942 | _cBOOK | ||
| 999 |
_c1350963 _d1350960 |
||